000 01507nam a22002657a 4500
005 20260303123344.0
008 260303b |||||||| |||| 00| 0 eng d
020 _a8186311505 (खण्ड 1) (hbk)
020 _a8186311513 (खण्ड 2) (hbk)
020 _a8186311521 (खण्ड 3) (hbk)
020 _a818631153X (खण्ड 4) (hbk)
037 _cREF
040 _aCRL
_cCRL
041 _2hin
_ahin
084 _aO152,1M72x Q1.1-.4 (RR)
_qCRL
245 _aबालकृष्ण शर्मा 'नवीन' काव्य रचनावली
260 _aनई दिल्ली, भारत:
_bप्रकाशन संस्थान,
_c2011.
300 _aभाग 1 (1-361पृ.), भाग 2 (368-842पृ.), भाग 3 (848-1110पृ.), भाग 4 (1114-1374पृ.)
365 _b2500.00
_cINR
650 _aहिन्दी कविता
650 _aहिन्दी साहित्य
700 _aचतुर्वेदी, नरेशचंद्र
_eसम्पादक
_91123516
942 _2CC
_cREF
_hO152,1M72x Q1.1-.4 (RR)
_n0
999 _c1688425
_d1688425